Statistics for Nuremberg Airport Destinatons (Nuremberg, Germany)

Click here to take the quiz!

General Stats

  • This quiz has been taken 31 times
  • The average score is 45 of 67

Answer Stats

AirlineDestination% Correct
KLMAmsterdam
100%
Aegean AirlinesAthens
96%
Turkish AirlinesIstanbul
96%
Pegasus AirlinesIstanbul (Sabiha Gokcen)
96%
British AirwaysLondon (Heathrow)
96%
RyanairLondon (Stansted)
96%
Air FranceParis (Charles de Gaulle)
96%
Corendon Airlines/Freebird Airlines/Mavi Gok Airlines/Pegasus Airlines/Southwind Airlines/SunExpress/Tailwind AirlinesAntalya
92%
LufthansaFrankfurt
92%
Austrian AirlinesVienna
92%
VuelingBarcelona
88%
Air SerbiaBelgrade
88%
Aegean Airlines/RyanairThessaloniki
88%
Swiss International Air LinesZurich
88%
Dan Air/Wizz AirBucharest (Otopeni)
83%
Corendon Airlines/Pegasus Airlines/SunExpressIzmir
83%
RyanairMalaga
83%
Condor/Corendon Airlines/Eurowings/RyanairPalma de Mallorca
83%
Corendon AirlinesAnkara
79%
RyanairBari
79%
RyanairPalermo
79%
Corendon Airlines/SmartLynx AirlinesRhodes
79%
RyanairSofia
79%
RyanairAlicante
75%
RyanairBudapest
75%
Corendon Airlines/SmartLynx AirlinesKos
75%
RyanairNaples
75%
RyanairPorto
75%
RyanairSeville
75%
Corendon Airlines/RyanairCorfu
71%
RyanairDublin
71%
RyanairFaro
71%
Corendon Airlines/Eurowings/SmartLynx AirlinesGran Canaria
71%
Corendon Airlines/Marabu/SmartLynx AirlinesHeraklion
71%
Corendon Airlines/RyanairTenerife (South)
71%
RyanairValencia
71%
Wizz AirVarna
71%
RyanairVenice
71%
Corendon Airlines/Eurowings/SmartLynx AirlinesFuerteventura
67%
RyanairIbiza
67%
Corendon AirlinesLanzarote
67%
Wiss AirTirana
67%
RyanairFunchal
63%
Air Cairo/Condor/Corendon Airlines/SmartLynx AirlinesHurghada
63%
RyanairZadar
63%
RyanairBologna
58%
Wizz AirCluj-Napoca
58%
Corendon AirlinesLarnaca
58%
RyanairCagliari
54%
RyanairChania
54%
RyanairKrakow
54%
Corendon AirlinesAdana
50%
Corendon AirlinesDalaman
50%
Corendon AirlinesKayseri
50%
GP AviationPristina
50%
RyanairVilnius
50%
Wizz AirSkopje
46%
Corendon AirlinesBodrum
42%
RyanairGirona
38%
Corendon AirlinesMarsa Alam
38%
RyanairPonta Delgada
38%
RyanairBanja Luka
33%
SmartLynx AirlinesEnfidha
33%
RyanairLamezia Terme
33%
Wizz AirTuzla
33%
Wizz AirSibiu
29%
Dan AirBrasov
21%

Score Distribution

Percentile by Number Answered

Percent of People with Each Score

Your Score History

You have not taken this quiz